000 03606cam a2200241 i 4500
008 210716s2023 paua b 001 0 eng
020 _a9780323757546
050 0 0 _aRE72.5
_b.S84 2023
100 _aStein Harold A
245 0 4 _aThe ophthalmic assistant :
_ba text for allied and associated ophthalmic personnel /
_c[edited by] Harold A. Stein, MD, MSc(Ophth), FRCSC, DOMS(London), Professor of Ophthalmology and Visual Sciences, University of Toronto, Toronto, Ontario, Canada, Emeritus and Past Chairman, Department of Ophthalmology, Scarborough General Hospital, Scarborough, Ontario, Canada, Emeritus, Mount Sinai Hospital, Toronto, Ontario, Canada, Past Secretary General, International Contact Lens Society of Ophthalmologists, Denver, Colorado, Past President, International Joint Commission on Allied Health Personnel in Ophthalmology, St. Paul, Minnesota, Past President, Contact Lens Association of Ophthalmologists, New Orleans, Louisiana, Past President, Canadian Ophthalmological Society, Ottawa, Canada, Co-Director, Bochner Eye Institute, Toronto, Ontario, Canada, Raymond M. Stein, MD, FRCSC, Medical Director, Bochner Eye Institute, Toronto, Ontario, Canada, Professor of Ophthalmology and Visual Sciences, University of Toronto, Ontario, Canada, Board of Directors, Foundation Fighting Blindness, Toronto, Ontario, Canada, Attending Ophthalmologist, Scarborough Hospital, Scarborough, Ontario, Canada, Attending Ophthalmologist, Mount Sinai Hospital, Toronto, Ontario, Canada, Editor, Past President, Canadian Society of Cataract and Refractive Surgery, Montreal, Quebec, Canada, Past Commissioner, International Joint Commission on Allied Health Personnel in Ophthalmology, St. Paul, Minnesota, Melvin I. Freeman, MD, FACS, FACEHP, Clinical Professor of Ophthalmology, Emeritus, University of Washington School of Medicine, Seattle, Washington, Affiliate Clinical Investigator, Benaroya Research Institute at Virginia Mason, Seattle, Washington, Past Head, Section of Ophthalmology, Virginia Mason Clinic and Medical Center, Seattle, Washington, Medical Director, Emeritus, Department of Continuing Medical Education, Virginia Mason Medical Center, Seattle, Washington, Past President, Alliance for Continuing Medical Education, Birmingham, Alabama, Past President, Contact Lens Association of Ophthalmologists, New Orleans, Louisiana, Past President, International Joint Commission on Allied Health Personnel in Ophthalmology, St. Paul, Minnesota, Chair, Joint Commission on Allied Health Personnel in Ophthalmology Education and Research Foundation, St. Paul, Minnesota, Rebecca L. Stein, MD, FRCSC, Medical Degree from University of St. Andrews, Scotland, and University of Manchester, England, Ophthalmology Residency, University of Toronto, Ontario, Canada, Fellowship in Cornea, External Disease, Cataract, and Refractive Surgery, Ophthalmic Consultants of Long Island, New York, Staff Ophthalmologist, Bochner Eye Institute, Toronto, Ontario, Canada.
250 _aEleventh edition.
260 _aPhiladelpia
_bElsevier Ltd
_c2023
300 _axv, 874 pages :
_bcolor illustrations ;
500 _aRevised edition of: Ophthalmic assistant / [edited by] Harold A. Stein, Raymond M. Stein, Melvin I. Freeman. Tenth edition. [2018].
500 _a"Previous editions copyrighted 2018, 2013, 2006, 2000, 1994, 1988, 1983, 1976, 1971, and 1968"-- title page verso.
650 0 _aOphthalmic assistants.
650 0 _aEye
_xDiseases.
700 1 _aStein, Harold A.
700 1 _aStein, Raymond M.,
700 1 _aFreeman, Melvin I.,
700 1 _aStein, Rebecca L.
942 _cBK
999 _c2374
_d2374